[Event "Sachsen-Anhalt-ch Seniors 24th"]
[Site "Halberstadt"]
[Date "2016.06.03"]
[Round "6"]
[White "Goede, Heiko"]
[Black "Roos, Hans Goerg"]
[Result "1/2-1/2"]
[WhiteElo "1868"]
[BlackElo "1948"]
[PlyCount "86"]
[EventDate "2016.05.29"]
[EventType "swiss"]
[EventRounds "7"]
[EventCountry "GER"]
[SourceTitle "EXT 2019"]
[Source "ChessBase"]
[SourceDate "2018.10.10"]
[SourceVersion "1"]
[SourceVersionDate "2018.10.10"]
[SourceQuality "1"]

1. d4 Nf6 2. Nf3 g6 3. g3 Bg7 4. Bg2 0-0 5. c4 d6 6. 0-0 Nc6 7. Nc3 e5 8. Bg5 h6 9. Bxf6 Qxf6 10. Nd5 Qd8 11. dxe5 dxe5 12. Qc2 Bf5 13. e4 Bg4 14. Qc1 Bxf3 15. Bxf3 Nd4 16. Kg2 c6 17. Ne3 h5 18. Nc2 Ne6 19. h4 Qe7 20. Qe3 Rfd8 21. Rfd1 b6 22. Rxd8+ Rxd8 23. Rd1 Rxd1 24. Bxd1 Nd4 25. Nxd4 exd4 26. Qd3 Qb4 27. b3 Qa3 28. Qc2 Bf8 29. Be2 Qa5 30. a4 Qe1 31. Bd3 Bh6 32. Qe2 Qb4 33. Qc2 Qc5 34. f4 Qb4 35. Kf2 Qa3 36. e5 Qe7 37. Qe2 Qe6 38. Qe4 c5 39. Qa8+ Bf8 40. Qxa7 Qg4 41. Be2 Qh3 42. Bf3 Qf5 43. Bd5 Qc2+ 1/2-1/2

[Event "Sachsen-Anhalt-ch Seniors 24th"]
[Site "Halberstadt"]
[Date "2016.05.29"]
[Round "1"]
[White "Birk, Rainer"]
[Black "Goede, Heiko"]
[Result "1/2-1/2"]
[WhiteElo "2136"]
[BlackElo "1868"]
[PlyCount "62"]
[EventDate "2016.05.29"]
[EventType "swiss"]
[EventRounds "7"]
[EventCountry "GER"]
[SourceTitle "EXT 2019"]
[Source "ChessBase"]
[SourceDate "2018.10.10"]
[SourceVersion "1"]
[SourceVersionDate "2018.10.10"]
[SourceQuality "1"]

1. Nf3 Nf6 2. g3 g6 3. Bg2 Bg7 4. 0-0 0-0 5. d4 d5 6. c3 Re8 7. Nbd2 Nbd7 8. Re1 e5 9. dxe5 Nxe5 10. Nxe5 Rxe5 11. Nb3 c6 12. Be3 Re8 13. Qc1 b6 14. c4 Bb7 15. cxd5 cxd5 16. Bd4 Rc8 17. Qd1 Rc4 18. e3 Ne4 19. Bf1 Rc7 20. Bxg7 Kxg7 21. Qd4+ Qf6 22. Qxf6+ Kxf6 23. Nd4 a6 24. Red1 Rec8 25. Bh3 Rd8 26. Rac1 Rxc1 27. Rxc1 Ng5 28. Bg2 Rd7 29. h4 Ne6 30. Ne2 Rc7 31. Rxc7 Nxc7 1/2-1/2

[Event "Bad Godesberg op 15th"]
[Site "Bad Godesberg"]
[Date "2011.07.24"]
[Round "2"]
[White "Helbig, Mark"]
[Black "Goede, Heiko"]
[Result "1-0"]
[WhiteElo "2278"]
[BlackElo "1754"]
[PlyCount "47"]
[EventDate "2011.07.23"]
[EventType "swiss"]
[EventRounds "9"]
[EventCountry "GER"]
[SourceTitle "EXT 2017"]
[Source "ChessBase"]
[SourceDate "2016.10.25"]
[SourceVersion "1"]
[SourceVersionDate "2016.10.25"]
[SourceQuality "1"]

1. d4 Nf6 2. Nf3 g6 3. c4 Bg7 4. g3 0-0 5. Bg2 d6 6. 0-0 Nbd7 7. Nc3 c6 8. e4 e5 9. h3 Re8 10. Re1 a6 11. Be3 b5 12. cxb5 axb5 13. a3 Bb7 14. Rc1 Qa5 15. dxe5 dxe5 16. Nd2 Rad8 17. Qc2 c5 18. Nb3 Qb6 19. Nxc5 Nxc5 20. b4 Bf8 21. bxc5 Bxc5 22. Nd5 Nxd5 23. Bxc5 Qxc5 24. Qxc5 1-0

[Event "Bad Godesberg op 15th"]
[Site "Bad Godesberg"]
[Date "2011.07.23"]
[Round "1"]
[White "Goede, Heiko"]
[Black "Leymann, Peter"]
[Result "1-0"]
[WhiteElo "1754"]
[BlackElo "1364"]
[PlyCount "47"]
[EventDate "2011.07.23"]
[EventType "swiss"]
[EventRounds "9"]
[EventCountry "GER"]
[SourceTitle "EXT 2017"]
[Source "ChessBase"]
[SourceDate "2016.10.25"]
[SourceVersion "1"]
[SourceVersionDate "2016.10.25"]
[SourceQuality "1"]

1. d4 g6 2. c4 Bg7 3. Nc3 c5 4. e3 Nf6 5. Nf3 0-0 6. Be2 cxd4 7. exd4 d6 8. 0-0 b6 9. h3 Bb7 10. Be3 Nbd7 11. Rc1 Rc8 12. Qd2 Re8 13. Bh6 Bh8 14. Rfd1 Nh5 15. b3 Qc7 16. d5 e5 17. dxe6 Rxe6 18. Nd5 Qb8 19. Ng5 Re5 20. Bxh5 Bxd5 21. f4 Rxg5 22. Bxg5 Be6 23. Bf3 Nc5 24. Qxd6 1-0

[Event "Moehnesee Cup 36th"]
[Site "Moehnesee"]
[Date "2010.08.28"]
[Round "4"]
[White "Veenstra, Frits"]
[Black "Goede, Heiko"]
[Result "1-0"]
[WhiteElo "1842"]
[BlackElo "2009"]
[PlyCount "109"]
[EventDate "2010.08.26"]
[EventType "swiss"]
[EventRounds "7"]
[EventCountry "GER"]
[SourceTitle "EXT 2011"]
[Source "ChessBase"]
[SourceDate "2010.11.26"]
[SourceVersion "1"]
[SourceVersionDate "2010.11.26"]
[SourceQuality "1"]

1. d4 d5 2. Nf3 Nf6 3. c4 e6 4. Nc3 Be7 5. Bg5 h6 6. Bh4 0-0 7. e3 b6 8. Bxf6 Bxf6 9. g3 Bb7 10. cxd5 exd5 11. Bg2 c5 12. 0-0 Na6 13. a3 Nc7 14. dxc5 bxc5 15. Qd2 d4 16. exd4 cxd4 17. Ne2 Ne6 18. Rfd1 Qb6 19. Qb4 Bxf3 20. Qxb6 axb6 21. Bxf3 Rac8 22. Rac1 Rfd8 23. b4 Rxc1 24. Nxc1 Rc8 25. Nd3 Rc3 26. a4 Ra3 27. Bc6 Nd8 28. Bb5 Nb7 29. Kf1 Nd6 30. Bc6 Ra2 31. Ke1 Rc2 32. Bd5 Kf8 33. Rc1 Rxc1+ 34. Nxc1 Be7 35. Nd3 f5 36. f3 g5 37. h3 Bf6 38. g4 fxg4 39. hxg4 Ke7 40. Ke2 Nc8 41. Nc1 Kd6 42. Be4 Na7 43. Kd3 Nc6 44. Bxc6 Kxc6 45. Ke4 Kd6 46. Nb3 d3 47. Kxd3 Kd5 48. a5 bxa5 49. bxa5 Kc6 50. Nd4+ Kc5 51. Nf5 Kb5 52. Nxh6 Kxa5 53. Ke4 Kb4 54. Kf5 Bd8 55. Nf7 1-0

[Event "Moehnesee Cup 36th"]
[Site "Moehnesee"]
[Date "2010.08.26"]
[Round "1"]
[White "Torres Kuckel, Rafael"]
[Black "Goede, Heiko"]
[Result "1-0"]
[WhiteElo "2274"]
[BlackElo "2009"]
[PlyCount "39"]
[EventDate "2010.08.26"]
[EventType "swiss"]
[EventRounds "7"]
[EventCountry "GER"]
[SourceTitle "EXT 2011"]
[Source "ChessBase"]
[SourceDate "2010.11.26"]
[SourceVersion "1"]
[SourceVersionDate "2010.11.26"]
[SourceQuality "1"]

1. e4 c5 2. Nf3 e6 3. d4 cxd4 4. Nxd4 a6 5. Nc3 Qc7 6. g3 Nf6 7. Bg2 Nc6 8. 0-0 Bc5 9. Nb3 Ba7 10. Bf4 e5 11. Bg5 Ne7 12. Bxf6 gxf6 13. Qf3 Qc6 14. Rad1 b5 15. Nd5 Nxd5 16. exd5 Qd6 17. Nd2 Rb8 18. Ne4 Qb6 19. d6 Bb7 20. Qxf6 1-0

[Event "Bergheim op"]
[Site "Bergheim"]
[Date "2003.09.13"]
[Round "5"]
[White "Goede, Heiko"]
[Black "Samak, Alexander"]
[Result "0-1"]
[WhiteElo "1759"]
[BlackElo "2012"]
[PlyCount "84"]
[EventDate "2003.09.11"]
[EventType "swiss"]
[EventRounds "7"]
[EventCountry "GER"]
[SourceTitle "EXT 2006"]
[Source "ChessBase"]
[SourceDate "2005.11.24"]
[SourceVersion "1"]
[SourceVersionDate "2005.11.24"]
[SourceQuality "1"]

1. Nf3 Nf6 2. d3 d6 3. c4 e5 4. e3 g6 5. Nc3 Bg7 6. Be2 0-0 7. 0-0 Nc6 8. Rb1 a5 9. a3 Ne7 10. e4 Ne8 11. Bg5 h6 12. Bd2 f5 13. exf5 Nxf5 14. Ne4 a4 15. Bc3 Nf6 16. Ng3 Nd7 17. d4 exd4 18. Nxf5 dxc3 19. Nxg7 Kxg7 20. bxc3 Nc5 21. Nd4 Qf6 22. Bf3 c6 23. Re1 Bd7 24. h3 Rae8 25. Qd2 Rxe1+ 26. Rxe1 Re8 27. Rxe8 Bxe8 28. Bd1 Bf7 29. Be2 Qe5 30. f4 Qe4 31. Nf3 Nb3 32. Qd3 Qxf4 33. Kf2 Nc1 34. Qd4+ Qxd4+ 35. Nxd4 Nxe2 36. Nxe2 Bxc4 37. Nd4 c5 38. Nc2 Kf6 39. g3 Be6 40. h4 Ke5 41. Ke3 Kd5 42. Kd2 Kc4 0-1

[Event "Bergheim op"]
[Site "Bergheim"]
[Date "2003.09.12"]
[Round "3"]
[White "Jordan, Juergen"]
[Black "Goede, Heiko"]
[Result "1/2-1/2"]
[WhiteElo "1937"]
[BlackElo "1759"]
[PlyCount "81"]
[EventDate "2003.09.11"]
[EventType "swiss"]
[EventRounds "7"]
[EventCountry "GER"]
[SourceTitle "EXT 2006"]
[Source "ChessBase"]
[SourceDate "2005.11.24"]
[SourceVersion "1"]
[SourceVersionDate "2005.11.24"]
[SourceQuality "1"]

1. e4 c5 2. Nc3 e6 3. f4 a6 4. a4 b6 5. Nf3 Bb7 6. d4 cxd4 7. Nxd4 Ne7 8. Bd3 Nbc6 9. Nb3 d5 10. 0-0 Nb4 11. exd5 Nxd3 12. Qxd3 Nxd5 13. f5 Nxc3 14. Qxc3 Rc8 15. Qd3 Qxd3 16. cxd3 Rc2 17. Rf2 Rxf2 18. Kxf2 exf5 19. Be3 Bd5 20. Nd2 Bb4 21. Nc4 Bxc4 22. dxc4 Bc5 23. a5 f4 24. Bxc5 bxc5 25. Kf3 g5 26. Ke4 0-0 27. Kd5 Rc8 28. Ra3 Rb8 29. b3 Rc8 30. Ra2 Kg7 31. Rb2 f5 32. b4 cxb4 33. c5 Kf6 34. c6 Rd8+ 35. Kc5 Rd3 36. Rxb4 Ke6 37. Rc4 Rb3 38. Rd4 Rb5+ 39. Kc4 Rb1 40. Kc5 Rb5+ 41. Kc4 1/2-1/2

[Event "Godesburg op 3rd"]
[Site "Bonn"]
[Date "1999.06.18"]
[Round "1"]
[White "Salov, Sergej"]
[Black "Goede, Heiko"]
[Result "1-0"]
[WhiteElo "2259"]
[BlackElo "1779"]
[PlyCount "49"]
[EventDate "1999.06.18"]
[EventType "swiss"]
[EventRounds "9"]
[EventCountry "GER"]
[SourceTitle "EXT 2008"]
[Source "ChessBase"]
[SourceDate "2007.11.25"]
[SourceVersion "1"]
[SourceVersionDate "2007.11.25"]
[SourceQuality "1"]

1. e4 c5 2. Nf3 e6 3. d4 cxd4 4. Nxd4 a6 5. Bd3 Nc6 6. Nxc6 dxc6 7. Nd2 e5 8. Qh5 Bd6 9. Nc4 Nf6 10. Nxd6+ Qxd6 11. Qe2 Be6 12. 0-0 Nd7 13. c3 0-0 14. Be3 Rad8 15. Rfd1 Qc7 16. a4 c5 17. Bc4 Bxc4 18. Qxc4 Qc6 19. a5 h6 20. f3 Qb5 21. Qxb5 axb5 22. Rd5 Nf6 23. Rxc5 Rd3 24. Kf2 Rfd8 25. Rxb5 1-0